000 00505nam a2200193Ia 4500
003 GCL
008 140319s9999 xx 000 0 eng d
040 _aGCL /
_cGCL
082 0 4 _a006.66
_bM G
100 1 _aMARCHAND, PATRICK
245 1 0 _aGRAPHICS AND GUIS WITH MATLAB /
_cMARCHAND, PATRICK
260 _a[S.N] :
_bCRC PRESS ،
_c1996
300 _a365 P
650 0 4 _aCOMPUTER SYSTEM
650 0 4 _aCOMPUTER GRAPHICS
650 0 4 _aMATLAB
650 0 4 _aGRAPHICAL USER INTERFACES
942 _2ddc
_cBK
999 _c13299
_d13299